000 00287pab a2200121 454500
008 180718b xxu||||| |||| 00| 0 eng d
100 _aBhatia, Prem
245 _aA dangerous mixture
650 _a Narasimha Rao, P.V.
650 _aGovernment, Central
773 _aTribune
909 _a22635
999 _c22635
_d22635